00670nam a2200193Ia 4500008004100000020001300041082001600054100003900070245005400109250000800163260004100171300002400212500001900236600003300255650001500288942000700303952015100310999001500461240925s9999 xx 000 0 und d a60452048 a808.066 PIC aPickett, Nell Ann; Laster, Ann A. 0aTechnical English: writing, reading, and speaking a5th aUttar Pradesh:bRandom Housec,1988. a297p.bNAfOriginal aIncludes Index aHumanities & Natural Science aLiterature cBK 001040708HUMaUITUbUITUd1995-04-06eProgressive International Aggenciesg1268.64l0o808.066 PICpQ0251r2024-09-25 07:12:02w2024-09-25yBK c2750d2750